|
|
|
|
| LEADER |
00000nam a2200000 a 4500 |
| 001 |
UCX2684 |
| 003 |
CL-VaPUC |
| 008 |
910723e19810000FR |||||||||||||||||spa|d |
| 082 |
0 |
4 |
|a 303.62
|b DOM
|2 21
|
| 100 |
0 |
|
|a Domenach, Jean Marie
|e author
|9 318735
|
| 245 |
1 |
3 |
|a La violencia y sus causas
|
| 300 |
|
|
|a 303 p
|
| 942 |
|
|
|c BK
|
| 945 |
|
|
|d 19910723 00:00:00
|
| 260 |
|
|
|a París
|b UNESCO
|c 1981
|
| 650 |
|
0 |
|a Violencia
|9 255411
|
| 583 |
|
|
|a last modification
|c 19910723 00:00:00
|k Rodrigo Vera
|
| 999 |
|
|
|c 223652
|d 223650
|
| 952 |
|
|
|0 0
|1 0
|4 0
|6 303_620000000000000_DOM_1981
|7 0
|8 A
|9 219665
|a BIBENE
|b BIBENE
|d 2019-11-15
|i 2883538
|o 303.62 DOM 1981
|p 2883538
|r 2025-01-15
|w 2019-11-15
|y BK
|k ICO
|
| 952 |
|
|
|0 0
|1 0
|4 0
|6 303_620000000000000_DOM_1981
|7 0
|8 X
|9 219666
|a BIBEDU
|b BIBEDU
|d 2019-11-15
|i 151752K
|o 303.62 DOM 1981
|p 151752K
|r 2023-01-13
|w 2019-11-15
|y BK_X
|k EDU
|